Municipalities of Washburn County, Wisconsin - Statistics

General Stats
  • This quiz has been taken 18 times
  • The average score is 12 of 28
Answers on the Map
Answers color-coded by a green-red scale on the quiz's map according to % correct below.
 
Answer Stats
Answer % Correct
City of Spooner
100%
Town of Spooner
100%
City of Shell Lake
67%
Town of Minong
67%
Village of Minong
67%
Census Designated Place of Springbrook
33%
Census Designated Place of Stone Lake
33%
Census Designated Place of Trego
33%
Town of Barronett
33%
Town of Bashaw
33%
Town of Bass Lake
33%
Town of Beaver Brook
33%
Town of Birchwood
33%
Town of Brooklyn
33%
Town of Casey
33%
Town of Chicog
33%
Town of Crystal
33%
Town of Evergreen
33%
Town of Frog Creek
33%
Town of Gull Lake
33%
Town of Long Lake
33%
Town of Madge
33%
Town of Sarona
33%
Town of Springbrook
33%
Town of Stinnett
33%
Town of Stone Lake
33%
Town of Trego
33%
Village of Birchwood
33%
No matching quizzes found
Score Distribution
Percent of People with Each Score
Percentile by Number Answered
Your Score History
You have not taken this quiz